Welcome to the Holygrace Academy Library

Please use search bar below to get started

BRIXTON BEACH (Record no. 4034)

MARC details
000 -LEADER
fixed length control field 00590nam a22001457a 4500
020 ## - INTERNATIONAL STANDARD BOOK NUMBER
ISBN 978-0-00-733656-2
082 ## - DEWEY DECIMAL CLASSIFICATION NUMBER
Classification number 823
Item number TEA/B
100 ## - MAIN ENTRY--AUTHOR NAME
Personal name TEARNE, ROMA
245 ## - TITLE STATEMENT
Title BRIXTON BEACH
260 ## - PUBLICATION, DISTRIBUTION, ETC. (IMPRINT)
Place of publication LONDON
Name of publisher HARPER COLLINS
Year of publication 2009
300 ## - PHYSICAL DESCRIPTION
Number of Pages 409
520 ## - SUMMARY, ETC.
Summary, etc When the terrorist bombs bring London to a standstill in July 2005, a doctor heads out in frantic search. He can't find her, and he knows she can't call him. Summary: An exiled Sri Lankan's search for personal identity told with an artist's eye for visual metaphor and language.
650 ## - SUBJECT ADDED ENTRY--TOPICAL TERM
Topical Term NOVEL
Geographic subdivision UNITED KINGDOM
942 ## - ADDED ENTRY ELEMENTS (KOHA)
Koha item type Books
Holdings
Withdrawn status Lost status Collection code Home library Current library Shelving location Date acquired Source of acquisition Cost, normal purchase price Full call number Accession Number Koha item type
    Fiction Main Library Main Library   17/06/2010 purchase 325.00 823 TEA/B 05379 Books